Front porch reflections : (Record no. 3783)
[ view plain ]
| 000 -LEADER | |
|---|---|
| fixed length control field | 00909cam a2200253 a 4500 |
| 001 - CONTROL NUMBER | |
| control field | 11987276 |
| 003 - CONTROL NUMBER IDENTIFIER | |
| control field | GBCCL |
| 005 - DATE AND TIME OF LATEST TRANSACTION | |
| control field | 20241126110503.0 |
| 008 - FIXED-LENGTH DATA ELEMENTS--GENERAL INFORMATION | |
| fixed length control field | 000427s2000 mou 000 0 eng |
| 010 ## - | |
| -- | 00009328 |
| 020 ## - INTERNATIONAL STANDARD BOOK NUMBER | |
| International Standard Book Number | 0570053994 |
| 040 ## - CATALOGING SOURCE | |
| Original cataloging agency | DLC |
| Transcribing agency | DLC |
| Modifying agency | DLC |
| 050 00 - | |
| -- | BV4844 |
| -- | .C57 2000 |
| 082 00 - DEWEY DECIMAL CLASSIFICATION NUMBER | |
| Classification number | 242.643 |
| Edition information | 21 |
| Item number | CLE |
| 100 1# - MAIN ENTRY--PERSONAL NAME | |
| Personal name | Cleary, Teresa, |
| Dates associated with a name | 1961- |
| 9 (RLIN) | 7454 |
| 245 10 - TITLE STATEMENT | |
| Title | Front porch reflections : |
| Remainder of title | devotions for every season / |
| Statement of responsibility, etc. | by Teresa Cleary. |
| 260 ## - PUBLICATION, DISTRIBUTION, ETC. | |
| Place of publication, distribution, etc. | St. Louis, MO : |
| Name of publisher, distributor, etc. | Concordia Pub. House, |
| Date of publication, distribution, etc. | c2000. |
| 300 ## - PHYSICAL DESCRIPTION | |
| Extent | 287 p. ; |
| Dimensions | 20 cm. |
| 650 #0 - SUBJECT ADDED ENTRY--TOPICAL TERM | |
| Topical term or geographic name entry element | Christian women |
| Form subdivision | Prayers and devotions. |
| 9 (RLIN) | 6621 |
| 650 #0 - SUBJECT ADDED ENTRY--TOPICAL TERM | |
| Topical term or geographic name entry element | Seasons |
| General subdivision | Religious aspects |
| -- | Christianity |
| Form subdivision | Meditations. |
| 9 (RLIN) | 7455 |
| 906 ## - LOCAL DATA ELEMENT F, LDF (RLIN) | |
| a | 7 |
| b | cbc |
| c | orignew |
| d | 1 |
| e | ecip |
| f | 20 |
| g | y-gencatlg |
| 942 ## - ADDED ENTRY ELEMENTS (KOHA) | |
| Source of classification or shelving scheme | Dewey Decimal Classification |
| Koha item type | Books |
| Withdrawn status | Lost status | Source of classification or shelving scheme | Damaged status | Not for loan | Home library | Current Library | Shelving location | Date acquired | Total checkouts | Full call number | Barcode | Date last seen | Copy number | Price effective from | Koha item type |
|---|---|---|---|---|---|---|---|---|---|---|---|---|---|---|---|
| Dewey Decimal Classification | GRACE BIBLE COLLEGE | GRACE BIBLE COLLEGE | Ministry & Mission | 2017-12-13 | 242.643 CLE | 009023 | 2025-05-01 | c.1 | 2017-12-13 | Books | |||||
| Dewey Decimal Classification | GRACE BIBLE COLLEGE | GRACE BIBLE COLLEGE | Ministry & Mission | 2017-12-13 | 242.643 CLE | 009024 | 2025-05-01 | c.2 | 2017-12-13 | Books | |||||
| Dewey Decimal Classification | GRACE BIBLE COLLEGE | GRACE BIBLE COLLEGE | Ministry & Mission | 2017-12-13 | 242.643 CLE | 012082 | 2025-05-01 | c.3 | 2017-12-13 | Books | |||||
| Dewey Decimal Classification | GRACE BIBLE COLLEGE | GRACE BIBLE COLLEGE | Ministry & Mission | 2017-12-13 | 242.643 CLE | 012083 | 2025-05-01 | c.4 | 2017-12-13 | Books | |||||
| Dewey Decimal Classification | GRACE BIBLE COLLEGE | GRACE BIBLE COLLEGE | Ministry & Mission | 2017-12-13 | 242.643 CLE | 012084 | 2025-05-01 | c.5 | 2017-12-13 | Books | |||||
| Dewey Decimal Classification | GRACE BIBLE COLLEGE | GRACE BIBLE COLLEGE | Ministry & Mission | 2017-12-19 | 242.643 CLE | 012217 | 2025-05-01 | c.6 | 2017-12-19 | Books | |||||
| Dewey Decimal Classification | GRACE BIBLE COLLEGE | GRACE BIBLE COLLEGE | Ministry & Mission | 2017-12-19 | 242.643 CLE | 012218 | 2017-12-19 | c.7 | 2017-12-19 | Books | |||||
| Dewey Decimal Classification | GRACE BIBLE COLLEGE | GRACE BIBLE COLLEGE | Ministry & Mission | 2017-12-19 | 242.643 CLE | 012219 | 2025-05-01 | c.8 | 2017-12-19 | Books | |||||
| Dewey Decimal Classification | GRACE BIBLE COLLEGE | GRACE BIBLE COLLEGE | Ministry & Mission | 2023-11-10 | 242.643 CLE | 015771 | 2025-05-01 | c.9 | 2023-11-10 | Books |